Science Quiz

Random Science or Biology Quiz

Ice Age Animals (Images) Quiz Stats

 Plays Quiz not verified by Sporcle

Score 0/20 Timer 04:00
0 Plays Today
Position Animal % Correct
2Colombian Mammoth
81.4%
6Jefferson's Ground Sloth
61.9%
4Dire Wolf
60.2%
14Western Camel
58.8%
10Short-faced Bear
55.6%
11Merriam's Teratorn
51.4%
5Smilodon
45.9%
15American Lion
43.8%
3California Tapir
43.1%
20Stag moose
43.1%
Position Animal % Correct
19American Mastodon
40.4%
16Glyptodon
39.8%
12Musk Ox
38.7%
1Steppe Wisent
37.2%
8Great Auk*
35.5%
9Giant Beaver
33%
17Pronghorn
32.3%
18American Cheetah
31.9%
7Saiga Antelope
30.6%
13Sabertooth salmon
29.2%

You're not logged in!

Compare scores with friends on all Sporcle quizzes.
OR
Log In

Show Comments

Extras

Top Quizzes Today


Score Distribution

Your Account Isn't Verified!

In order to create a playlist on Sporcle, you need to verify the email address you used during registration. Go to your Sporcle Settings to finish the process.

Report this User

Report this user for behavior that violates our Community Guidelines.

Details: